Text book of client server computing (Record no. 171284)

000 -LEADER
fixed length control field 00366nam a2200121Ia 4500
008 - FIXED-LENGTH DATA ELEMENTS--GENERAL INFORMATION
fixed length control field 220217s9999||||xx |||||||||||||| ||und||
082 ## - DEWEY DECIMAL CLASSIFICATION NUMBER
Classification number 004.6 BAT
100 ## - MAIN ENTRY--PERSONAL NAME
Personal name Bhattacharjee, Satyapriya
9 (RLIN) 3272
245 #0 - TITLE STATEMENT
Title Text book of client server computing
260 ## - PUBLICATION, DISTRIBUTION, ETC.
Place of publication, distribution, etc. Dominant publishers and distributors
Name of publisher, distributor, etc. New Delhi
Date of publication, distribution, etc. 2001
300 ## - PHYSICAL DESCRIPTION
Other physical details 450
650 ## - SUBJECT ADDED ENTRY--TOPICAL TERM
Topical term or geographic name entry element COMPUTER NETWORK
Holdings
Withdrawn status Lost status Damaged status Not for loan Collection code Home library Current library Shelving location Date acquired Full call number Barcode Date last seen Price effective from Koha item type
        Computer Science and Engineering Central Library Central Library Reference 02/18/2022 004.6 BAT 6473 02/18/2022 02/18/2022 Books

Powered by Koha